Report on labour conditions in the rice mills / (Record no. 4954)
[ view plain ]
| 000 -LEADER | |
|---|---|
| fixed length control field | 00922cam a22003131 4500 |
| 001 - CONTROL NUMBER | |
| control field | 4954 |
| 003 - CONTROL NUMBER IDENTIFIER | |
| rucl marc code | BD-RjUL |
| 005 - DATE AND TIME OF LATEST TRANSACTION | |
| control field | 20211208234001.0 |
| 008 - FIXED-LENGTH DATA ELEMENTS--GENERAL INFORMATION | |
| fixed length control field | 131223s1946 ii a 000 0 eng |
| 035 ## - SYSTEM CONTROL NUMBER | |
| System control number | (BD-RjUL)4990 |
| System control number | (OCoLC)17684415 |
| 040 ## - CATALOGING SOURCE | |
| Original cataloging agency | DLC |
| Transcribing agency | MiEM |
| Modifying agency | DLC |
| Language of cataloging | eng |
| 041 ## - LANGUAGE CODE | |
| Language code of text/sound track or separate title | eng |
| 082 ## - DEWEY DECIMAL CLASSIFICATION NUMBER | |
| Classification number | 331.763 |
| Author mark and year | ADL 1946 |
| 100 ## - MAIN ENTRY--PERSONAL NAME | |
| Personal name | Adarkar. B.P. |
| 9 (RLIN) | 15605 |
| 110 1# - MAIN ENTRY--CORPORATE NAME | |
| Corporate name or jurisdiction name as entry element | India. |
| Subordinate unit | Labour Investigation Committee. |
| 9 (RLIN) | 9638 |
| 245 00 - TITLE STATEMENT | |
| Title | Report on labour conditions in the rice mills / |
| Statement of responsibility, etc. | B.P. Adarkar. |
| 260 ## - PUBLICATION, DISTRIBUTION, ETC. (IMPRINT) | |
| Place of publication, distribution, etc. | Delhi : |
| Name of publisher, distributor, etc. | Manager of Publications, |
| Date of publication, distribution, etc. | 1946. |
| 300 ## - PHYSICAL DESCRIPTION | |
| Pagination | vi, 73 p. |
| Illustrations | tables. |
| Size | 25 cm. |
| 500 ## - GENERAL NOTE | |
| General note | Cover title. |
| General note | At head of title: DL.116. 950. |
| 526 ## - STUDY PROGRAM INFORMATION NOTE | |
| Requested Dept. | Economics |
| 650 #0 - SUBJECT ADDED ENTRY--TOPICAL TERM | |
| Topical term or geographic name as entry element | Rice workers |
| Geographic subdivision | India. |
| 9 (RLIN) | 15606 |
| Topical term or geographic name as entry element | Rice |
| Geographic subdivision | India. |
| 9 (RLIN) | 15607 |
| 700 1# - ADDED ENTRY--PERSONAL NAME | |
| Personal name | Adarkar, Bhalchandra Pundlik. |
| 942 ## - ADDED ENTRY ELEMENTS (KOHA) | |
| Source of classification or shelving scheme | Dewey Decimal Classification |
| Koha item type | Books |
| Lost status | Source of classification or shelving scheme | Damaged status | Not for loan | Collection code | Permanent Location | Current Location | Shelving location | Date acquired | Total Checkouts | Full call number | Date last seen | Copy number | Koha item type |
|---|---|---|---|---|---|---|---|---|---|---|---|---|---|
| Dewey Decimal Classification | Not For Loan | Non-fiction | Central Library, University of Rajshahi | Central Library, University of Rajshahi | 23/12/2013 | 331.763 ADL 1946 | 23/12/2013 | C-1 | Books |